书目信息 |
| 题名: |
消费经济学
|
|
| 作者: | 伊志宏 主编 | |
| 分册: | ||
| 出版信息: | 北京 中国人民大学出版社 2004 |
|
| 页数: | 289页 | |
| 开本: | 24cm | |
| 丛书名: | ||
| 单 册: | ||
| 中图分类: | F014.5 | |
| 科图分类: | ||
| 主题词: | 消费经济学--高等学校--教材 , 消费经济学 | |
| 电子资源: | ||
| ISBN: | 7-300-05794-2 | |
| 000 | 00971nam0 2200277 450 | |
| 000 | 00990nam0 2200277 450 | |
| 000 | 00921nam0 2200253 450 | |
| 000 | 00885oam2 2200241 45 | |
| 005 | 20070724150113.89 | |
| 010 | @a7-300-05794-2@dCNY19.80 | |
| 100 | @a20070626d2004 em y0chiy0120 ea | |
| 101 | 0 | @achi |
| 102 | @aCN@b110000 | |
| 105 | @ay z 000yy | |
| 200 | 1 | @a消费经济学@AXiao Fei Jing Ji Xue@f伊志宏主编@FYi Zhi Hong Zhu Bian |
| 210 | @a北京@c中国人民大学出版社@d2004 | |
| 215 | @a289页@d24cm | |
| 300 | z | @a普通高等教育“十五”国家级规划教材高等商学精品课程教材 |
| 330 | @a本书通过消费者的消费、储蓄、投资、信贷、劳动供给等决策,分析总需求、产业结构演变、产业发展、消费方式变化等宏观经济现象。 | |
| 510 | 1 | @aConsumption Economics@zeng |
| 606 | 0 | @a消费经济学@x高等学校@j教材 |
| 606 | 0 | @a消费经济学 |
| 690 | @aF014.5@v4 | |
| 701 | 0 | @a伊志宏@AYi Zhi Hong@c(女, @f1965~)@4主编 |
| 801 | 0 | @aCN@bTAOJIN@c20070724 |
| 905 | @a10447@dF014.5@e327 | |
| 消费经济学/伊志宏主编.-北京:中国人民大学出版社,2004 |
| 289页;24cm |
| 普通高等教育“十五”国家级规划教材高等商学精品课程教材 |
| ISBN 7-300-05794-2:CNY19.80 |
| 本书通过消费者的消费、储蓄、投资、信贷、劳动供给等决策,分析总需求、产业结构演变、产业发展、消费方式变化等宏观经济现象。 |
| ● |
| 相关链接 |
|
|
|
|
正题名:消费经济学
索取号:F014.5/327
 
预约/预借
| 序号 | 登录号 | 条形码 | 馆藏地/架位号 | 状态 | 备注 |
| 1 | 0824610 | 208246101 | 第一样本阅览室/ [索取号:F014.5/327] | 在馆 | |
| 2 | 0824611 | 208246110 | 第一借阅区/ [索取号:F014.5/327] | 在馆 | |
| 3 | 0824612 | 208246129 | 第一借阅区/ [索取号:F014.5/327] | 在馆 | |
| 4 | 0824613 | 208246138 | 第一借阅区/ [索取号:F014.5/327] | 在馆 | |
| 5 | 0824614 | 208246147 | 第一借阅区/ [索取号:F014.5/327] | 在馆 | |
| 6 | 0824615 | 208246156 | 第一借阅区/ [索取号:F014.5/327] | 在馆 | |
| 7 | 0824616 | 208246165 | 第一借阅区/ [索取号:F014.5/327] | 在馆 | |
| 8 | 0824617 | 208246174 | 第一借阅区/ [索取号:F014.5/327] | 在馆 |